000 00642nam a2200181Ia 4500
008 090630s9999 xx 000 0 und d
082 _b8277
100 _aपावसकर दत्ता.
245 _aन्याय आंधळा भाळी.
_cपावसकर दत्ता.
260 _bपावसकर स्मिता.
_c1969
300 _a102
600 _aपावसकर दत्ता.
630 _aन्याय आंधळा भाळी.
655 _aनाटक.
700 _aपावसकर दत्ता.
730 _aन्याय आंधळा भाळी.
942 _cBOOK
999 _c260133
_d260133